000 01520nam a2200241Ia 4500
999 _c52453
_d52453
001 19476
003 GE_BSU
005 20210330140735.0
008 181216s2016||||ge |||||||||||||| ||geo||
040 _cGE_BSU
041 _ageo
080 _a51 თ-17
100 _aთავდგირიძე, გიული
_910390
245 _a∑3(X,8)კლასის ნახევარმესერებით განსაზღვრული ბინარულ მიმართებათა სრული ნახევარჯგუფები /
_cგიული თავდგირიძე; მეცნიერ ხელმძღვანელი იაშა დიასამიძე; ფიზიკა-მათემატიკის და კომპიუტერულ მეცნიერებათა ფაკულტეტი.
264 _aბათუმი:
_bბსუ,
_c2016.
300 _a250 გვ.;
_b26 სმ.
504 _aბიბლიოგრ.გვ.ბოლოს
653 _a∑3(X,8)კლასის ნახევარმესერებით განსაზღვრული ბინარულ მიმართებათა სრული ნახევარჯგუფები
653 _aდისერტაცია
653 _aმათემატიკა
700 _aდიასამიძე, იაშა
_eმეცნიერ ხელმძღვანელი
_910391
942 _cBK
_2udc